[Event "Titled Tuesday intern op 17th Sep Early"]
[Site "Chess,com INT"]
[Date "2024.09.17"]
[Round "5"]
[White "Soto Vega, Jorge"]
[Black "Levitsky, Andrey"]
[Result "0-1"]
[WhiteElo "2353"]
[BlackElo "2257"]
[PlyCount "76"]
[EventDate "2024.09.17"]
[EventType "swiss (blitz)"]
[EventRounds "11"]
[EventCountry "USA"]
[SourceTitle "EXT 2025"]
[Source "ChessBase"]
[SourceDate "2024.10.14"]
[SourceVersion "1"]
[SourceVersionDate "2024.10.14"]
[SourceQuality "1"]

1. e4 c5 2. Nf3 g6 3. d4 cxd4 4. Qxd4 Nf6 5. e5 Nc6 6. Qa4 Nd5 7. Qb3 Nb6 8. Nc3 Bg7 9. Bf4 0-0 10. 0-0-0 d6 11. exd6 Be6 12. Qb5 exd6 13. Bxd6 a6 14. Qc5 Re8 15. Be5 Nd7 16. Bxg7 Nxc5 17. Rxd8 Raxd8 18. Bf6 Rd7 19. a3 Bg4 20. b4 Ne6 21. Nd2 Ned4 22. Bd3 Ne2+ 23. Kb2 Nf4 24. f3 Nxd3+ 25. cxd3 Rxd3 26. Nde4 Bf5 27. Bg5 Bxe4 28. Nxe4 Re6 29. Nc5 Re2+ 30. Kc1 Rxa3 31. Kb1 Raa2 32. Bf6 Nxb4 33. Rd1 Rad2 34. Rc1 Rc2 35. Rd1 Nc6 36. Ne4 h5 37. Rd7 Rxg2 38. Rxb7 Rce2 0-1

[Event "Titled Tuesday intern op 10th Sep Early"]
[Site "Chess,com INT"]
[Date "2024.09.10"]
[Round "3"]
[White "Nguyen, Ngoc Truong Son"]
[Black "Levitsky, Andrey"]
[Result "1/2-1/2"]
[WhiteElo "2633"]
[BlackElo "2257"]
[PlyCount "87"]
[EventDate "2024.09.10"]
[EventType "swiss (blitz)"]
[EventRounds "11"]
[EventCountry "USA"]
[SourceTitle "EXT 2025"]
[Source "ChessBase"]
[SourceDate "2024.10.14"]
[SourceVersion "1"]
[SourceVersionDate "2024.10.14"]
[SourceQuality "1"]

1. d4 Nf6 2. c4 e6 3. Nc3 Bb4 4. Bd2 b6 5. Nf3 Bb7 6. e3 Bxc3 7. Bxc3 Ne4 8. Bd3 Nxc3 9. bxc3 d6 10. 0-0 Nd7 11. Nd2 0-0 12. e4 c5 13. f4 cxd4 14. cxd4 e5 15. Nf3 exd4 16. Bc2 d3 17. Qxd3 Nc5 18. Qd4 Re8 19. Rae1 Rc8 20. h4 Qc7 21. h5 Ne6 22. Qd2 Qxc4 23. Rf2 Qc3 24. Qxd6 Rcd8 25. Qe5 Nd4 26. Qg5 Nxf3+ 27. Rxf3 Qxe1+ 28. Kh2 f6 29. Qg4 Bxe4 30. h6 g6 31. Bb3+ Bd5 32. f5 Qe5+ 33. Kh3 g5 34. Qa4 Bxb3 35. axb3 Re7 36. Qc4+ Qd5 37. Qb4 Rde8 38. Qc3 Qe5 39. Qc4+ Kh8 40. g4 Qd6 41. Qc3 Qe5 42. Qc4 Qe2 43. Qc3 Qe5 44. Qc4 1/2-1/2

[Event "Titled Tuesday intern op 03rd Sep Early"]
[Site "Chess.com INT"]
[Date "2024.09.03"]
[Round "2"]
[White "Levitsky, Andrey"]
[Black "Olhovik, Andrei"]
[Result "1-0"]
[WhiteElo "2257"]
[BlackElo "2282"]
[PlyCount "145"]
[EventDate "2024.09.03"]
[EventType "swiss (blitz)"]
[EventRounds "11"]
[EventCountry "USA"]
[SourceTitle "EXT 2025"]
[Source "ChessBase"]
[SourceDate "2024.10.14"]
[SourceVersion "1"]
[SourceVersionDate "2024.10.14"]
[SourceQuality "1"]

1. e4 c5 2. Nf3 e6 3. d4 cxd4 4. Nxd4 Bc5 5. Nb3 Bb6 6. Nc3 Ne7 7. g3 0-0 8. Bg2 f5 9. 0-0 fxe4 10. Nxe4 d5 11. Nc3 Nbc6 12. Bg5 h6 13. Bxe7 Nxe7 14. Na4 Bc7 15. Nac5 e5 16. c3 b6 17. Nd3 Bb7 18. Re1 e4 19. Nb4 Ng6 20. Nd4 Qf6 21. Rf1 Ne5 22. f3 e3 23. f4 Nc4 24. Nxd5 Qf7 25. Nxc7 Qxc7 26. Ne6 Qe7 27. Bxb7 Qxb7 28. Nxf8 Rxf8 29. Qe2 Qe4 30. Rae1 Rd8 31. b3 Nd2 32. Qxe3 Qxe3+ 33. Rxe3 Nxf1 34. Kxf1 Rd1+ 35. Re1 Rd2 36. Re2 Rd1+ 37. Kg2 Kf7 38. c4 a5 39. h3 Rc1 40. Kf3 a4 41. bxa4 Rxc4 42. Re4 Rc3+ 43. Re3 Rc4 44. Ra3 h5 45. a5 bxa5 46. Rxa5 g6 47. Ra3 Kf6 48. Rd3 Rc1 49. a3 Rh1 50. h4 Ra1 51. Ke4 Ke6 52. Kd4 Kd6 53. Kc4+ Kc6 54. Re3 Kd6 55. Kb5 Rb1+ 56. Kc4 Rc1+ 57. Kb4 Rb1+ 58. Rb3 Ra1 59. a4 Kc6 60. Ka5 Kc7 61. Kb5 Rd1 62. Ka6 Rd6+ 63. Ka7 Rd5 64. Rb5 Rd3 65. Rc5+ Kd6 66. Rg5 Ra3 67. a5 Kc7 68. a6 Kc8 69. Rxg6 Kc7 70. Rg5 Ra4 71. Rc5+ Kd6 72. Rc3 Ra3 73. Rxa3 1-0

[Event "Titled Tuesday intern op 27th Aug Early"]
[Site "Chess.com INT"]
[Date "2024.08.27"]
[Round "1"]
[White "Mihajlovskij, Sergei"]
[Black "Levitsky, Andrey"]
[Result "0-1"]
[WhiteElo "2312"]
[BlackElo "2257"]
[PlyCount "128"]
[EventDate "2024.08.27"]
[EventType "swiss (blitz)"]
[EventRounds "11"]
[EventCountry "USA"]
[SourceTitle "EXT 2025"]
[Source "ChessBase"]
[SourceDate "2024.10.14"]
[SourceVersion "1"]
[SourceVersionDate "2024.10.14"]
[SourceQuality "1"]

1. e4 e6 2. d4 d5 3. e5 c5 4. c3 Qb6 5. Nf3 Nc6 6. Bd3 cxd4 7. 0-0 Bd7 8. Re1 Nge7 9. h4 Rc8 10. Nbd2 Nf5 11. c4 Ne3 12. Qe2 Nxc4 13. Bxc4 dxc4 14. Nxc4 Qc7 15. a3 Be7 16. Bg5 0-0 17. Rac1 Bxg5 18. Nxg5 h6 19. Nf3 Qb8 20. Nd6 Rcd8 21. Qe4 f5 22. Qe2 Be8 23. Rcd1 Bh5 24. Qc4 Bxf3 25. Qxe6+ Kh7 26. gxf3 Nxe5 27. Qxe5 Qxd6 28. Qxd6 Rxd6 29. Re7 d3 30. Kf1 Rb8 31. h5 a6 32. Re5 Rf8 33. Re7 b5 34. f4 Rc8 35. Re3 d2 36. Ke2 Rc2 37. b3 Rd4 38. Rd3 Rxf4 39. R1xd2 Rxd2+ 40. Rxd2 Rh4 41. Rd6 Rxh5 42. Rxa6 Rh3 43. b4 Rb3 44. Ra5 Kg6 45. Rxb5 Rxa3 46. Rb7 h5 47. b5 Rb3 48. Kf1 Kf6 49. Kg2 g6 50. Rb6+ Kg5 51. Rb7 Kg4 52. Rb8 g5 53. b6 h4 54. b7 h3+ 55. Kh2 Rb2 56. Kh1 f4 57. Kg1 h2+ 58. Kxh2 Rxf2+ 59. Kg1 Rb2 60. Kf1 Kf3 61. Ke1 g4 62. Kd1 g3 63. Kc1 Rb6 64. Kc2 g2 0-1

[Event "Titled Tuesday intern op 13th Aug Early"]
[Site "Chess.com INT"]
[Date "2024.08.13"]
[Round "2"]
[White "Levitsky, Andrey"]
[Black "Yurasova, Daria"]
[Result "1-0"]
[WhiteElo "2257"]
[BlackElo "2081"]
[PlyCount "89"]
[EventDate "2024.08.13"]
[EventType "swiss (blitz)"]
[EventRounds "11"]
[EventCountry "USA"]
[SourceTitle "EXT 2025"]
[Source "ChessBase"]
[SourceDate "2024.10.14"]
[SourceVersion "1"]
[SourceVersionDate "2024.10.14"]
[SourceQuality "1"]

1. e4 e5 2. Nf3 Nc6 3. Bc4 Bc5 4. c3 Nf6 5. d4 exd4 6. b4 Bb6 7. e5 d5 8. exf6 dxc4 9. b5 Nb8 10. Qe2+ Be6 11. fxg7 Rg8 12. cxd4 Bxd4 13. Nxd4 Qxd4 14. Bb2 Qd3 15. Nd2 Nd7 16. Ne4 0-0-0 17. Rd1 Qxe2+ 18. Kxe2 f6 19. Nxf6 Rxg7 20. g3 Rf7 21. Nxd7 Bg4+ 22. Ke3 Bxd1 23. Ne5 Re7 24. Bd4 Bc2 25. f4 Kb8 26. Rc1 Bd3 27. Bc5 Re6 28. g4 Rd5 29. Bd4 Rxb5 30. Kf3 Rd5 31. Bc3 b5 32. Re1 Kb7 33. f5 Re8 34. f6 b4 35. Bxb4 Bg6 36. Nxg6 Rxe1 37. Bxe1 hxg6 38. f7 Rd8 39. Bb4 c5 40. Bxc5 c3 41. f8Q Rxf8+ 42. Bxf8 c2 43. Bh6 Kc6 44. Bc1 Kc5 45. h4 1-0

[Event "Titled Tuesday intern op 06th Aug Early"]
[Site "Chess.com INT"]
[Date "2024.08.06"]
[Round "4"]
[White "Levitsky, Andrey"]
[Black "Dumanuly, Sultanbeibarys"]
[Result "1-0"]
[WhiteElo "2257"]
[BlackElo "2081"]
[PlyCount "143"]
[EventDate "2024.08.06"]
[EventType "swiss (blitz)"]
[EventRounds "11"]
[EventCountry "USA"]
[SourceTitle "EXT 2025"]
[Source "ChessBase"]
[SourceDate "2024.10.14"]
[SourceVersion "1"]
[SourceVersionDate "2024.10.14"]
[SourceQuality "1"]

1. e4 c5 2. Nf3 Nc6 3. d4 cxd4 4. Nxd4 e5 5. Nb5 d6 6. N1c3 a6 7. Na3 b5 8. Nd5 Nf6 9. Bg5 Be7 10. Bxf6 Bxf6 11. c4 b4 12. Nc2 0-0 13. g3 a5 14. Bg2 Be6 15. 0-0 Bxd5 16. cxd5 Nd4 17. Nxd4 exd4 18. Qd3 Rc8 19. Rfc1 Qb6 20. Bh3 Rc5 21. Bd7 Rd8 22. Bc6 g6 23. Kg2 h5 24. h4 Rc8 25. f4 a4 26. Re1 a3 27. Rab1 axb2 28. Rxb2 Rc3 29. Qd2 Qc5 30. e5 Bg7 31. Qf2 Rxc6 32. dxc6 Qxc6+ 33. Kh2 dxe5 34. fxe5 Qc4 35. Re4 Qd5 36. Rxd4 Qxe5 37. Rd8+ Kh7 38. Re2 Qc7 39. Rd5 Rc4 40. Kg1 Rc1+ 41. Kh2 Qb7 42. Red2 Bh6 43. R2d3 b3 44. axb3 Qc7 45. Rd7 Rc2 46. Rxc7 Rxf2+ 47. Kg1 Rf5 48. b4 Bf8 49. Rc4 Kg7 50. Rb3 Rb5 51. Kg2 Bd6 52. Re4 f5 53. Rc4 Kf6 54. Rc6 Ke5 55. Rc4 Kd5 56. Rc2 Rb6 57. Rd2+ Kc4 58. Rb1 Bxb4 59. Rc2+ Kd3 60. Rcb2 Kc4 61. Kf3 Rb5 62. Rc2+ Kd3 63. Rcb2 Kc4 64. Kg2 Kc3 65. Kh3 Kc4 66. Kh2 Kc3 67. Kh1 Kc4 68. Rb3 Kd4 69. Rxb4+ Rxb4 70. Rxb4+ Ke3 71. Kg2 Ke2 72. Rb6 1-0

[Event "Titled Tuesday intern op 30th Jul Early"]
[Site "Chess.com INT"]
[Date "2024.07.30"]
[Round "6"]
[White "Levitsky, Andrey"]
[Black "Ramiro Ovejero, Juan Luis"]
[Result "0-1"]
[WhiteElo "2285"]
[BlackElo "2307"]
[PlyCount "164"]
[EventDate "2024.07.30"]
[EventType "swiss (blitz)"]
[EventRounds "11"]
[EventCountry "USA"]
[SourceTitle "EXT 2025"]
[Source "ChessBase"]
[SourceDate "2024.10.14"]
[SourceVersion "1"]
[SourceVersionDate "2024.10.14"]
[SourceQuality "1"]

1. e4 e5 2. Nf3 Nc6 3. Bc4 Nf6 4. Ng5 d5 5. exd5 Na5 6. Bb5+ c6 7. dxc6 bxc6 8. Bd3 h6 9. Ne4 Nd5 10. 0-0 Be7 11. Re1 0-0 12. Ng3 Bd6 13. Nc3 f5 14. Bf1 Qh4 15. d3 Bd7 16. Bd2 Nb7 17. a3 Nc5 18. d4 Qxd4 19. Nxd5 cxd5 20. c3 Qh4 21. Be3 Bc6 22. Bxc5 Bxc5 23. Nh1 e4 24. g3 Qf6 25. Bg2 f4 26. gxf4 Qxf4 27. Qe2 Rab8 28. Rad1 Bb5 29. Qd2 Bc4 30. Qxf4 Rxf4 31. b4 Bb6 32. Rd2 a5 33. Bf1 Bxf1 34. Rxf1 axb4 35. axb4 e3 36. Rxd5 exf2+ 37. Kg2 Rbf8 38. Rd2 Rg4+ 39. Ng3 h5 40. Kh3 Rc4 41. Rd6 Bc7 42. Rd3 Rff4 43. Kg2 Bb6 44. Ne2 Rg4+ 45. Kh1 Rce4 46. Ng3 Re1 47. Rd1 Rxd1 48. Rxd1 h4 49. Ne2 Re4 50. Kg2 Rxe2 51. Kf1 Rc2 52. Rd6 Be3 53. Rd1 Rxc3 54. Rb1 Rc1+ 55. Rxc1 Bxc1 56. Kxf2 Ba3 57. b5 Bc5+ 58. Kf3 Kf7 59. Kg4 Kf6 60. Kxh4 Bb6 61. Kg4 Kg6 62. h4 Kh6 63. h5 Ba7 64. Kh4 Bb6 65. Kg4 Bd8 66. Kf4 Kxh5 67. Kf3 g5 68. Kg3 Bb6 69. Kh3 Kg6 70. Kg2 Kf5 71. Kf3 g4+ 72. Kg2 Kg5 73. Kg3 Kf5 74. Kg2 Kf4 75. Kf1 g3 76. Kg2 Bc7 77. Kh1 Kg4 78. Kg2 Kf4 79. Kh1 Kf3 80. b6 Bb8 81. Kg1 g2 82. b7 Ba7+ 0-1

[Event "Titled Tuesday intern op 30th Jul Early"]
[Site "Chess.com INT"]
[Date "2024.07.30"]
[Round "5"]
[White "Suyarov, Mukhammadzokhid"]
[Black "Levitsky, Andrey"]
[Result "1-0"]
[WhiteElo "2466"]
[BlackElo "2285"]
[PlyCount "79"]
[EventDate "2024.07.30"]
[EventType "swiss (blitz)"]
[EventRounds "11"]
[EventCountry "USA"]
[SourceTitle "EXT 2025"]
[Source "ChessBase"]
[SourceDate "2024.10.14"]
[SourceVersion "1"]
[SourceVersionDate "2024.10.14"]
[SourceQuality "1"]

1. e4 e6 2. d4 d5 3. Nc3 Bb4 4. e5 c5 5. a3 Bxc3+ 6. bxc3 Qa5 7. Bd2 Qa4 8. Qg4 Kf8 9. Bd3 Ne7 10. Nf3 Nbc6 11. Ng5 Nxe5 12. Qh5 Nxd3+ 13. cxd3 Ng6 14. 0-0 cxd4 15. cxd4 h6 16. Nf3 Bd7 17. Rac1 Kg8 18. Rc7 Rd8 19. Rxb7 Qxa3 20. Rfb1 Qxd3 21. h3 Qf5 22. Qxf5 exf5 23. Ba5 Kh7 24. Bxd8 Rxd8 25. Rxa7 Be6 26. g3 Rc8 27. h4 Rc3 28. Kg2 Rd3 29. Rb8 f4 30. h5 Nh8 31. Raa8 g5 32. Rxh8+ Kg7 33. Rag8+ Kf6 34. Rxh6+ Ke7 35. Rxg5 fxg3 36. Rxg3 Bf5 37. Rh8 Be4 38. h6 Rxd4 39. h7 Bxh7 40. Nxd4 1-0

[Event "Titled Tuesday intern op 23rd Jul Early"]
[Site "Chess.com INT"]
[Date "2024.07.23"]
[Round "1"]
[White "Levitsky, Andrey"]
[Black "Adam, Ernestina"]
[Result "1-0"]
[WhiteElo "2285"]
[BlackElo "2055"]
[PlyCount "47"]
[EventDate "2024.07.23"]
[EventType "swiss (blitz)"]
[EventRounds "11"]
[EventCountry "USA"]
[SourceTitle "EXT 2025"]
[Source "ChessBase"]
[SourceDate "2024.10.14"]
[SourceVersion "1"]
[SourceVersionDate "2024.10.14"]
[SourceQuality "1"]

1. e4 g6 2. d4 Bg7 3. Nc3 d6 4. Be3 c6 5. Qd2 b5 6. h4 h5 7. Nf3 Nf6 8. Ng5 Nbd7 9. f4 Ng4 10. e5 b4 11. Nce4 d5 12. e6 Ndf6 13. exf7+ Kf8 14. Nc5 Qd6 15. Bd3 Bh6 16. Bxg6 Nxe3 17. Qxe3 Ng4 18. Nge6+ Bxe6 19. Nxe6+ Qxe6 20. Qxe6 Bxf4 21. 0-0 Be3+ 22. Kh1 Rd8 23. Rae1 Nf2+ 24. Rxf2 1-0

[Event "Titled Tuesday intern op 23rd Jul Early"]
[Site "Chess.com INT"]
[Date "2024.07.23"]
[Round "7"]
[White "Levitsky, Andrey"]
[Black "Durarbayli, Vasif"]
[Result "0-1"]
[WhiteElo "2285"]
[BlackElo "2628"]
[PlyCount "52"]
[EventDate "2024.07.23"]
[EventType "swiss (blitz)"]
[EventRounds "11"]
[EventCountry "USA"]
[SourceTitle "EXT 2025"]
[Source "ChessBase"]
[SourceDate "2024.10.14"]
[SourceVersion "1"]
[SourceVersionDate "2024.10.14"]
[SourceQuality "1"]

1. e4 c6 2. d4 d6 3. Nc3 Nd7 4. f4 b5 5. Bd3 Bb7 6. Nf3 e5 7. dxe5 dxe5 8. fxe5 Bc5 9. Bg5 Ne7 10. Qd2 Qb6 11. 0-0-0 h6 12. Bc4 0-0-0 13. e6 Nf6 14. Bxf6 Rxd2 15. Nxd2 gxf6 16. Bb3 fxe6 17. Bxe6+ Kb8 18. Kb1 Rd8 19. Rhf1 Bb4 20. Nb3 Bxc3 21. Rxd8+ Qxd8 22. bxc3 Qd6 23. Rxf6 Bc8 24. Nd4 c5 25. e5 Qxe5 26. Rf7 cxd4 0-1

[Event "Titled Tuesday intern op 23rd Jul Early"]
[Site "Chess.com INT"]
[Date "2024.07.23"]
[Round "6"]
[White "Molina, Roberto Junio Brito"]
[Black "Levitsky, Andrey"]
[Result "1/2-1/2"]
[WhiteElo "2373"]
[BlackElo "2285"]
[PlyCount "136"]
[EventDate "2024.07.23"]
[EventType "swiss (blitz)"]
[EventRounds "11"]
[EventCountry "USA"]
[SourceTitle "EXT 2025"]
[Source "ChessBase"]
[SourceDate "2024.10.14"]
[SourceVersion "1"]
[SourceVersionDate "2024.10.14"]
[SourceQuality "1"]

1. d4 Nf6 2. Nf3 d5 3. e3 Bg4 4. c4 e6 5. Qb3 Qc8 6. Ne5 Bh5 7. Nc3 c6 8. Bd2 Nbd7 9. Rc1 dxc4 10. Nxc4 Be7 11. Be2 Bg6 12. 0-0 0-0 13. Rfd1 Rb8 14. Be1 Qd8 15. a3 b5 16. Ne5 Nxe5 17. dxe5 Nd7 18. f4 Nc5 19. Qa2 Qb6 20. Bf2 Rfd8 21. e4 Rxd1+ 22. Rxd1 Rd8 23. b4 Rxd1+ 24. Bxd1 a5 25. bxc5 Bxc5 26. Qd2 h5 27. Bf3 b4 28. axb4 axb4 29. Nd1 b3 30. Bxc5 Qxc5+ 31. Kf1 Qc2 32. Ke2 Bxe4 33. Bxh5 Qc4+ 34. Kf2 Bd5 35. Be2 Qe4 36. Bf3 Qc2 37. Ke1 Bxf3 38. gxf3 Qc4 39. Nb2 Qc5 40. Ke2 Qg1 41. Kd3 Qf1+ 42. Qe2 Qb1+ 43. Kc3 Qf5 44. Kxb3 Qxf4 45. Nc4 c5 46. Kc3 Qd4+ 47. Kc2 Qa1 48. Nd6 Qa2+ 49. Kd3 Qd5+ 50. Kc2 Qa2+ 51. Kd1 Qb1+ 52. Kd2 Qb2+ 53. Ke1 Qc1+ 54. Kf2 Qf4 55. Kg2 Qg5+ 56. Kf2 Qh4+ 57. Kg1 Qg5+ 58. Kh1 Qc1+ 59. Kg2 Qg5+ 60. Kf1 Qc1+ 61. Kf2 Qf4 62. h3 Qh2+ 63. Ke1 Qg1+ 64. Kd2 Qd4+ 65. Kc2 Qa4+ 66. Kd2 Qd4+ 67. Ke1 Qg1+ 68. Kd2 Qd4+ 1/2-1/2

[Event "Plunge op-A 43rd"]
[Site "Plateliai"]
[Date "2024.07.18"]
[Round "5"]
[White "Levitsky, Andrey"]
[Black "Doescher, Thorsten"]
[Result "1-0"]
[WhiteElo "2285"]
[BlackElo "2029"]
[PlyCount "109"]
[EventDate "2024.07.15"]
[EventType "swiss"]
[EventRounds "9"]
[EventCountry "LTU"]
[SourceTitle "CBM 221 Extra"]
[Source "ChessBase"]
[SourceDate "2024.09.30"]
[SourceVersion "1"]
[SourceVersionDate "2024.09.30"]
[SourceQuality "1"]

1. e4 c6 2. d4 d5 3. Nc3 dxe4 4. Nxe4 Nf6 5. Nxf6+ exf6 6. c3 Bd6 7. Bd3 0-0 8. Qc2 Re8+ 9. Ne2 h5 10. 0-0 h4 11. Bf4 Na6 12. Qd2 Nc7 13. Rfe1 Ne6 14. Bxd6 Qxd6 15. f4 Bd7 16. h3 f5 17. Rad1 g6 18. Bc2 a5 19. Rf1 Ng7 20. Nc1 Nh5 21. Nd3 Be6 22. Ne5 b5 23. a4 Bd5 24. Rfe1 Kg7 25. Qf2 Ng3 26. Re3 f6 27. Nd3 Rxe3 28. Qxe3 Bf7 29. Re1 Re8 30. Qf2 Rxe1+ 31. Qxe1 b4 32. cxb4 Qxd4+ 33. Qf2 Qd5 34. bxa5 Qxa5 35. Qe3 Qd5 36. b3 Ne4 37. Nb4 Qd6 38. Bxe4 fxe4 39. Qxe4 c5 40. Nd3 Bxb3 41. Nf2 Qd2 42. Qe7+ Bf7 43. Qxc5 Qxf4 44. a5 Qa4 45. Ng4 Qd1+ 46. Kh2 Qd2 47. a6 Qf4+ 48. Kg1 Qe4 49. Qd6 f5 50. Qf6+ Kf8 51. Qh8+ Bg8 52. Qxg8+ Ke7 53. Qg7+ Kd8 54. Qh8+ Ke7 55. Qe5+ 1-0

[Event "Plunge op-A 43rd"]
[Site "Plateliai"]
[Date "2024.07.18"]
[Round "6"]
[White "Narmontas, Raimondas"]
[Black "Levitsky, Andrey"]
[Result "0-1"]
[WhiteElo "1965"]
[BlackElo "2285"]
[PlyCount "70"]
[EventDate "2024.07.15"]
[EventType "swiss"]
[EventRounds "9"]
[EventCountry "LTU"]
[SourceTitle "CBM 221 Extra"]
[Source "ChessBase"]
[SourceDate "2024.09.30"]
[SourceVersion "1"]
[SourceVersionDate "2024.09.30"]
[SourceQuality "1"]

1. e4 g6 2. d4 Bg7 3. c3 d5 4. e5 c5 5. Be3 Nc6 6. Qd2 cxd4 7. cxd4 f6 8. f4 Nh6 9. Nf3 Bg4 10. Nh4 e6 11. h3 Bf5 12. g3 Be4 13. Rg1 0-0 14. Nc3 Rc8 15. Rc1 Qe7 16. Be2 a6 17. a3 Rc7 18. Nxe4 dxe4 19. d5 exd5 20. Bc5 Qe6 21. Bxf8 Kxf8 22. g4 fxe5 23. f5 gxf5 24. Nxf5 Nxf5 25. gxf5 Qh6 26. Qc3 Bf6 27. Kd1 d4 28. Qc5+ Be7 29. Qc4 Bg5 30. Qc5+ Be7 31. Qc4 Bg5 32. Qc5+ Re7 33. f6 Qxf6 34. Qd5 d3 35. Bh5 Qf4 0-1

[Event "Titled Tuesday intern op 09th Jul Early"]
[Site "Chess.com INT"]
[Date "2024.07.09"]
[Round "2"]
[White "Bortnyk, Olexandr"]
[Black "Levitsky, Andrey"]
[Result "1-0"]
[WhiteElo "2608"]
[BlackElo "2285"]
[PlyCount "57"]
[EventDate "2024.07.09"]
[EventType "swiss (blitz)"]
[EventRounds "11"]
[EventCountry "USA"]
[SourceTitle "EXT 2025"]
[Source "ChessBase"]
[SourceDate "2024.10.14"]
[SourceVersion "1"]
[SourceVersionDate "2024.10.14"]
[SourceQuality "1"]

1. e4 e6 2. Nf3 d5 3. e5 c5 4. d4 Nc6 5. Bd3 cxd4 6. 0-0 Nge7 7. Bf4 Nf5 8. h3 Be7 9. Bxf5 exf5 10. Nxd4 Be6 11. Nc3 0-0 12. Nce2 Bc5 13. c3 Qe7 14. Qd2 h6 15. Nxc6 bxc6 16. Be3 Bxe3 17. Qxe3 c5 18. Rfd1 Rfd8 19. Rd2 Rd7 20. Rad1 Rad8 21. b3 a5 22. Nf4 a4 23. bxa4 c4 24. a5 Qa3 25. Nh5 Kh8 26. Rd4 Qxa2 27. Rh4 Rg8 28. Nf6 d4 29. Rxh6+ 1-0

[Event "Titled Tuesday intern op 09th Jul Early"]
[Site "Chess.com INT"]
[Date "2024.07.09"]
[Round "7"]
[White "Levitsky, Andrey"]
[Black "Firman, Nazar"]
[Result "1-0"]
[WhiteElo "2285"]
[BlackElo "2472"]
[PlyCount "121"]
[EventDate "2024.07.09"]
[EventType "swiss (blitz)"]
[EventRounds "11"]
[EventCountry "USA"]
[SourceTitle "EXT 2025"]
[Source "ChessBase"]
[SourceDate "2024.10.14"]
[SourceVersion "1"]
[SourceVersionDate "2024.10.14"]
[SourceQuality "1"]

1. e4 c6 2. d4 d5 3. Nc3 dxe4 4. Nxe4 Nf6 5. Nxf6+ exf6 6. c3 Bd6 7. Bd3 0-0 8. Qc2 Re8+ 9. Ne2 h6 10. 0-0 Nd7 11. Be3 Nf8 12. Rfe1 Be6 13. h3 Qd7 14. Nf4 Bxf4 15. Bxf4 Rad8 16. Rad1 Bd5 17. c4 Be6 18. Be3 Ng6 19. b3 Nh4 20. Bf1 Bf5 21. Qc3 Be4 22. Bf4 Qf5 23. Bg3 Ng6 24. f3 Bc2 25. Rxe8+ Rxe8 26. Rc1 Qg5 27. Re1 Rxe1 28. Bxe1 Bf5 29. Bd2 Qg3 30. Qe3 Bxh3 31. Be1 Qd6 32. gxh3 Nf4 33. Bg3 Ne2+ 34. Qxe2 Qxg3+ 35. Bg2 Qf4 36. Qd3 Qc1+ 37. Bf1 Qg5+ 38. Kf2 Qh4+ 39. Ke2 Qf4 40. Qe3 Qh2+ 41. Qf2 Qd6 42. Bg2 Qa3 43. Kf1 Qc1+ 44. Qe1 Qb2 45. Qe8+ Kh7 46. Qxf7 Qxd4 47. Qe6 Qd1+ 48. Kf2 Qd4+ 49. Qe3 Qb2+ 50. Qe2 Qd4+ 51. Kg3 Qd6+ 52. Kf2 Qd4+ 53. Kg3 Qd6+ 54. f4 g5 55. Qe4+ Kg7 56. Bf3 Kg8 57. Qg6+ Kf8 58. Qxh6+ Ke7 59. Qh7+ Kd8 60. Qf5 Kc7 61. Kg4 1-0

[Event "Titled Tuesday intern op 09th Jul Early"]
[Site "Chess.com INT"]
[Date "2024.07.09"]
[Round "9"]
[White "Shankland, Samuel L"]
[Black "Levitsky, Andrey"]
[Result "1-0"]
[WhiteElo "2683"]
[BlackElo "2285"]
[PlyCount "91"]
[EventDate "2024.07.09"]
[EventType "swiss (blitz)"]
[EventRounds "11"]
[EventCountry "USA"]
[SourceTitle "EXT 2025"]
[Source "ChessBase"]
[SourceDate "2024.10.14"]
[SourceVersion "1"]
[SourceVersionDate "2024.10.14"]
[SourceQuality "1"]

1. c4 e5 2. g3 c6 3. Nf3 e4 4. Nd4 Nf6 5. d3 d5 6. Bg2 exd3 7. cxd5 Nxd5 8. 0-0 Be7 9. Qxd3 0-0 10. Rd1 Bf6 11. Nc3 Nxc3 12. bxc3 Re8 13. Rb1 Qa5 14. Qc2 Na6 15. e4 Nc5 16. Be3 Bg4 17. f3 Bd7 18. f4 Rad8 19. e5 Be7 20. h3 Bf8 21. Bf2 Bc8 22. Kh2 Qa6 23. Bf1 Qa5 24. Bc4 Ne6 25. Nxe6 Bxe6 26. Bxe6 fxe6 27. Rxd8 Rxd8 28. Rxb7 Bc5 29. f5 Bxf2 30. f6 Qxe5 31. Rxg7+ Kf8 32. Qxf2 Rd3 33. Rxh7 Re3 34. f7 Re2 35. Rh8+ Qxh8 36. Qxe2 Kxf7 37. h4 Qxc3 38. Kh3 Qd4 39. h5 Qd5 40. g4 Kg7 41. Qe3 e5 42. Qg5+ Kf8 43. Qf6+ Ke8 44. h6 Qd3+ 45. Kh4 Qd4 46. h7 1-0

[Event "Titled Tuesday intern op 02nd Jul Early"]
[Site "Chess.com INT"]
[Date "2024.07.02"]
[Round "4"]
[White "Lymar, Vladislav"]
[Black "Levitsky, Andrey"]
[Result "0-1"]
[WhiteElo "2184"]
[BlackElo "2285"]
[PlyCount "110"]
[EventDate "2024.07.02"]
[EventType "swiss (blitz)"]
[EventRounds "11"]
[EventCountry "USA"]
[SourceTitle "EXT 2025"]
[Source "ChessBase"]
[SourceDate "2024.10.14"]
[SourceVersion "1"]
[SourceVersionDate "2024.10.14"]
[SourceQuality "1"]

1. e4 e6 2. Qe2 c5 3. Nf3 Nc6 4. g3 g6 5. Bg2 Bg7 6. 0-0 Nge7 7. c3 0-0 8. d3 e5 9. Nbd2 d6 10. Nc4 h6 11. a4 Be6 12. Nfd2 Qd7 13. Ne3 Rae8 14. Nd5 f5 15. Nc4 Kh7 16. a5 Bg8 17. Bd2 Nxd5 18. exd5 Ne7 19. f3 Nxd5 20. Ne3 Nf6 21. Qf2 d5 22. Rfe1 Qb5 23. c4 Qd7 24. cxd5 Nxd5 25. Nc4 Nb4 26. Bxb4 cxb4 27. Qxa7 Qxd3 28. Ne3 e4 29. Rad1 Qb5 30. fxe4 fxe4 31. Bf1 Qc6 32. Rc1 Qf6 33. Qxb7 Re7 34. Qxb4 Ree8 35. Rc2 Rb8 36. Qxe4 Rfe8 37. Qg2 Qd4 38. Qd2 Qa7 39. Kh1 Rbd8 40. Qf2 Re7 41. Ng2 Rxe1 42. Qxe1 Bd5 43. Re2 Rf8 44. Re7 Qxe7 45. Qd1 Qb7 46. h3 Qc6 47. Kh2 Rf2 48. Kg1 Rxg2+ 49. Bxg2 Bxg2 50. a6 Bh1 51. Qe2 Bd4+ 52. Kh2 Bd5 53. Qe7+ Bg7 54. a7 Qc2+ 55. Kg1 Qg2# 0-1